Szczegóły MARC21

Approaches : essays in native North American studies and literatures /

003 -Nazwa inst., której nr kontr. jest w polu 001 [,]
    • @
    • Nazwa instytucji, której n kontrolny jest w polu 001
    • NUKAT
005 -DATA I CZAS OSTATNIEJ MODYFIKACJI [,]
    • @
    • pole kontrolne
    • 20241231110031.0
020 -Międzynarod. znormalizowany nr książki - ISBN [ , ]
    • a
    • Numer ISBN
    • 3896393405 Find
040 -Instytucja sporządzająca opis [ , ]
    • a
    • Instytucja, która sporządziła opis (NP)
    • KAT U/41BM
    • c
    • Instytucja, która sporządziła rekord (NP)
    • KAT U/41BMs
    • d
    • Instytucja, która zmodyfikowała rekord (P)
    • KAT U/41BM
942 -Rodzaj dokumentu [ , ]
    • c
    • Rodzaj dokumentu
    • Książka
100 -Hasło główne - nazwa osobowa [1, ]
    • a
    • Nazwa osobowa (NP)
    • Lutz, Hartmut
    • d
    • Daty biograficzne (NP)
    • (1945- ).
    • 9
    • KHW
    • 18456
245 -Strefa tytułu i oznaczenia odpowiedzialności [1,0]
    • a
    • Tytuł
    • Approaches : Find
    • b
    • Ciąg dalszy tytułu (NP)
    • essays in native North American studies and literatures / Find
    • c
    • Pozostałe elementy strefy tytułu i oznaczenia odpowiedzialności (NP)
    • Hartmut Lutz.
260 -Strefa adresu wydawniczego [ , ]
    • a
    • Miejsce wydania (P)
    • Augsburg :
    • b
    • Nazwa wydawcy (P)
    • Wissner,
    • c
    • Data wydania (P)
    • 2002.
300 -Strefa opisu fizycznego [ , ]
    • a
    • Określenie formy książki i/lub objętość (NP)
    • 282 s. :
    • b
    • Oznaczenie ilustracji (NP)
    • il. ;
    • c
    • Format (NP)
    • 24 cm.
336 -Typ zawartości [ , ]
    • a
    • Termin opisujący typ zawartości
    • Tekst
    • b
    • Kod określający zawartość
    • txt
    • 2
    • Źródło (terminu i kodu)
    • rdacontent
337 -Typ mediów [ , ]
    • a
    • Tryb odtwarzania
    • Bez urządzenia pośredniczącego
    • b
    • Kod typu mediów
    • n
    • 2
    • Źródło (terminu i kodu)
    • rdamedia
338 -Typ/rodzaj nośnika [ , ]
    • a
    • Hasło opisujące typ nośnika
    • Wolumin
    • b
    • Kod typu nośnika
    • nc
    • 2
    • Źródło (terminu i kodu)
    • rdacarrier
490 -Strefa serii i książki wielotomowej - forma nie do wyszukiwania [1, ]
    • a
    • Tytuł (P)
    • Beiträge zur Kanadistik. Gesellschaft für Kanada-Studien ; Find
    • v
    • Numeracja (P)
    • Bd. 11
830 -Hasło dodatkowe serii i opisu książki wielotomowej - tytuł ujednolicony/tytuł [ ,0]
    • a
    • Tytuł ujednolicony/tytuł (NP)
    • Beiträge zur Kanadistik
    • v
    • Oznaczenie tomu (NP)
    • Bd. 11
    • 9
    • KHW
    • 647671
504 -Uwaga dot. bibliogr. załącznikowej [ , ]
    • a
    • Uwaga dot. bibliografii załącznikowej
    • Bibliogr. s. 258-282.
080 -Uniwersalna Klasyfikacja Dziesiętna [ , ]
    • 4
    • UKD2
    • 7644
    • x
    • Poddział wspólny
    • =111
    • c
    • Dopowiedzenie poddz. wspólnego
    • =Język angielski.
    • 4
    • UKD2
    • 7631
    • x
    • Poddział wspólny
    • =112.2
    • c
    • Dopowiedzenie poddz. wspólnego
    • =Język niemiecki (wysokoniemiecki, standardowy niemiecki).
    • 2
    • Identyfikator wydania tablic
    • UDC-P058
    • 9
    • UKD
    • 6588
    • a
    • Symbol klasyfikacji
    • 82(091)
    • b
    • Dopowiedzenie
    • Historia literatury.
    • 4
    • UKD2
    • 44228
    • x
    • Poddział wspólny
    • (=81/=82)
    • c
    • Dopowiedzenie poddz. wspólnego
    • (Indianie Ameryki Północnej).
080 -Uniwersalna Klasyfikacja Dziesiętna [ , ]
    • 4
    • UKD2
    • 7644
    • x
    • Poddział wspólny
    • =111
    • c
    • Dopowiedzenie poddz. wspólnego
    • =Język angielski.
    • 4
    • UKD2
    • 7631
    • x
    • Poddział wspólny
    • =112.2
    • c
    • Dopowiedzenie poddz. wspólnego
    • =Język niemiecki (wysokoniemiecki, standardowy niemiecki).
    • 2
    • Identyfikator wydania tablic
    • UDC-P058
    • 9
    • UKD
    • 45246
    • a
    • Symbol klasyfikacji
    • 821.111(71)(091)
    • b
    • Dopowiedzenie
    • Literatura kanadyjska w języku angielskim (historia).
    • 4
    • UKD2
    • 44228
    • x
    • Poddział wspólny
    • (=81/=82)
    • c
    • Dopowiedzenie poddz. wspólnego
    • (Indianie Ameryki Północnej).
080 -Uniwersalna Klasyfikacja Dziesiętna [ , ]
    • 4
    • UKD2
    • 7644
    • x
    • Poddział wspólny
    • =111
    • c
    • Dopowiedzenie poddz. wspólnego
    • =Język angielski.
    • 4
    • UKD2
    • 7631
    • x
    • Poddział wspólny
    • =112.2
    • c
    • Dopowiedzenie poddz. wspólnego
    • =Język niemiecki (wysokoniemiecki, standardowy niemiecki).
    • 2
    • Identyfikator wydania tablic
    • UDC-P058
    • 9
    • UKD
    • 8178
    • a
    • Symbol klasyfikacji
    • 821.111(73)(091)
    • b
    • Dopowiedzenie
    • Literatura amerykańska (historia).
    • 4
    • UKD2
    • 44228
    • x
    • Poddział wspólny
    • (=81/=82)
    • c
    • Dopowiedzenie poddz. wspólnego
    • (Indianie Ameryki Północnej).
650 -Hasło przedmiotowe [ ,7]
    • a
    • Hasło przedmiotowe
    • Indianie
    • x
    • Określnik rzeczowy
    • w literaturze.
    • 2
    • Źródło terminu
    • kaba
    • 9
    • KHW
    • 111895
650 -Hasło przedmiotowe [ ,7]
    • a
    • Hasło przedmiotowe
    • Literatura indiańska
    • z
    • Określnik geograficzny
    • Kanada
    • x
    • Określnik rzeczowy
    • historia i krytyka.
    • 2
    • Źródło terminu
    • kaba
    • 9
    • KHW
    • 647778
650 -Hasło przedmiotowe [ ,7]
    • a
    • Hasło przedmiotowe
    • Literatura indiańska
    • z
    • Określnik geograficzny
    • Ameryka Północna
    • x
    • Określnik rzeczowy
    • historia i krytyka.
    • 2
    • Źródło terminu
    • kaba
    • 9
    • KHW
    • 647777
980 -Symbol UKD [ , ]
    • a
    • UKD
    • 82(091)(=81/=82):[821.111(71)(091):821.111(73)(091)](=81/=82)]=111=112.2
920 -ISBN [ , ]
    • a
    • ISBN
    • 3-89639-340-5 Find
Numer inwentarzowy Lokalizacja Data inwentaryzacji Status udost. Sygnatura
A.8908BM2012-07-191ANG. Kultura Kanady 14
A.8907BM2012-07-19-3